Представление документа в формате RUSMARC

ПолеНазваниеЗначение
  Тип записи a
  Библиографический уровень m
001 Контрольный номер RU/ГПНТБ России/IBIS/84(2Рос=411.2)6/З-59-427137321
005 Дата корректировки 20260616160127.9
010 Индекс ISBN __
a ISBN 978-5-4484-5731-9
b Уточнения в пер.
9 Тираж 1500
100 Данные общей обработки __
a Данные общей обработки 20260616d2025 ma y0rusy0250
101 Язык документа 0_
a Язык текста rus
102 Страна публикации __
a Страна публикации RU
105 Кодированные данные (монография) __
a Кодированные данные (монография) y zz 000zy
181 Поле кодированных данных: вид содержания _0
a Код вида содержания (ISBD) i
182 Поле кодированных данных: тип средства _0
a Код типа средства (ISBD) n
200 Заглавие и сведения об ответственности 1_
a Заглавие Возвращение росомахи
e Сведения, относящиеся к заглавию повести
f Первые сведения об ответственности Камиль Зиганшин
203 Вид содержания и тип средства __
c Тип средства непосредственный
a Вид содержания Текст
210 Выходные данные 1_
a Место издания Москва
c Издательство Вече
d Дата издания 2025
215 Физическое описание __
a Объем 397, [2] с.
d Формат 22 см
225 Серия 2_
a Серия Сибириада
327 Примечание о содержании 1_
a Примечание о содержании Содержание : Щедрый Буге ; Боцман ; Маха, или история жизни Кунички
333 Примечание о целевом назначении __
a Примечание о целевом назначении информационная продукция для детей, достигших возраста двенадцати лет
333 Примечание о целевом назначении __
a Примечание о целевом назначении для взрослых, общего характера
333 Примечание о целевом назначении __
a Примечание о целевом назначении для юношества, общего характера
464 Аналитический уровень _0
1 2001
a Щедрый Буге
464 Аналитический уровень _0
1 2001
a Боцман
464 Аналитический уровень _0
1 2001
a Маха, или история жизни Кунички
686 Индексы других классификаций __
2 Код системы rubbk
a Классификационный индекс 84(2Рос=411.2)6-44
686 Индексы других классификаций __
2 Код системы rugasnti
a Классификационный индекс 17.82.31
700 Автор _1
a Фамилия Зиганшин
b Имя К. Ф.
g Полное личное имя Камиль Фарухшинович
f Даты 1950-
4 Код отношения 070
801 Источник записи _0
b Организация ГПНТБ России
a Страна RU
c Дата составления 20260616
801 Источник записи _1
b Организация ГПНТБ России
a Страна RU
c Дата составления 20260616
852 Данные о местонахождении 5_
a Наименование организации ГПНТБ России
m Суффикс шифра хранения 11061611
b Сигла хранения ЦГБ
j Шифр хранения 84(2Рос=411.2)6
p Инвентарный номер RU
899 Данные о местонахождении __
a Местонахождение ГПНТБ России
p Штрих-код 11061611
b Место хранения ЦГБ
h Классификационная часть РШ 84(2Рос=411.2)6-44
i Авторский знак З-59
901 Тип документа __
a Ответственный заим.